Doing Business abroad: Utility Function Model for Country Selection in Preliminary Screening Phase

Funkčný vzor, použiteľný v rámci prvej etapy založenia nového podnikania v zahraničí. Krátky príklad, kde slúžia vybrané ekonomické kritériá, ako vstupné údaje pre určenie úžitkových hodnôt jednotlivých krajín.

Gespeichert in:
Bibliographische Detailangaben
1. Verfasser: Bosáková, Lucia
Weitere Verfasser: Kubák, Matúš, Andrejkovič, Marek, Hajduová, Zuzana, 1974-
Format: Buchkapitel
Sprache:Englisch
Schlagworte:
Tags: Tag hinzufügen
Keine Tags, Fügen Sie das erste Tag hinzu!

MARC

LEADER 00000nla a2200000 4500
001 0183655
005 20240502083431.5
041 0 |a eng 
044 |a DE 
245 1 0 |a Doing Business abroad: Utility Function Model for Country Selection in Preliminary Screening Phase  |c Lucia Bosáková, Matúš Kubák, Marek Andrejkovič, Zuzana Hajduová 
520 |a Funkčný vzor, použiteľný v rámci prvej etapy založenia nového podnikania v zahraničí. Krátky príklad, kde slúžia vybrané ekonomické kritériá, ako vstupné údaje pre určenie úžitkových hodnôt jednotlivých krajín. 
610 2 0 |a podnikanie v zahraničí 
610 2 0 |a modely 
610 2 0 |a modelovanie 
100 1 |a Bosáková, Lucia 
700 1 |a Kubák, Matúš 
700 1 |a Andrejkovič, Marek 
700 1 |a Hajduová, Zuzana, 1974-